| 000 | 00544nam a2200181Ia 4500 | ||
|---|---|---|---|
| 003 | GCL | ||
| 008 | 140319s9999 xx 000 0 ara d | ||
| 040 |
_aGCL / _cGCL |
||
| 082 | 0 | 4 |
_a070 _bك ص |
| 100 | 1 | _aكامل زهيرى | |
| 245 | 1 | 0 |
_aالصحافة بين المنح والمنع / _cكامل زهيرى |
| 300 | _a143 ص | ||
| 490 |
_aسلسلة القضايا المعاصرة _v0 |
||
| 650 | 0 | 4 | _aالصحافة |
| 650 | 0 | 4 | _aحرية الصحافة |
| 650 | 0 | 4 | _aالصحافة - قوانين وتشريعات |
| 942 |
_2ddc _cBK |
||
| 999 |
_c51004 _d51004 |
||